000
00362nam a2200169Ia 4500
100
_a
Holman/J.P
650
_a
Electrical Engineering
250
_a
6
942
_c
BK
654
_a
engineers
245
_a
Experimental methods for engineers
260
_b
McGraw Hill
_c
1994
082
_a
620.0078
_b
HOL
300
_a
616
546
_a
ENGLISH
999
_c
20858
_d
20858